|
|
|
|
| LEADER |
00000nam a2200000Ii 4500 |
| 001 |
DIGEDUNAV0060 |
| 003 |
NyNyDIG |
| 006 |
m o d |
| 007 |
cr ||||||||||| |
| 008 |
220607s2016 sp a ob 000 0 spa d |
| 035 |
|
|
|a (OCoLC)1333701213
|
| 040 |
|
|
|a DGITA
|b eng
|e rda
|e pn
|c DGITA
|
| 020 |
|
|
|z 9788431331436
|
| 043 |
|
|
|a e-ur---
|a ee-----
|
| 050 |
1 |
4 |
|a PQ6349.R9 ebook
|
| 245 |
0 |
3 |
|a El telón rasgado :
|b El Quijote como puente cultural con el mundo soviético y postsoviético /
|c Jorge Latorre, Antonio Martínez, Oleksandr Pronkévich, (eds.)
|
| 246 |
3 |
0 |
|a Quijote como puente cultural con el mundo soviético y postsoviético
|
| 264 |
|
1 |
|a Pamplona, España :
|b EUNSA, Ediciones Universidad de Navarra,
|c [2016]
|
| 300 |
|
|
|a 1 online resource :
|b illustrations.
|
| 336 |
|
|
|a text
|b txt
|2 rdacontent
|
| 337 |
|
|
|a computer
|b c
|2 rdamedia
|
| 338 |
|
|
|a online resource
|b cr
|2 rdacarrier
|
| 347 |
|
|
|a text file
|2 rdaft
|
| 347 |
|
|
|b PDF
|
| 504 |
|
|
|a Includes bibliographical references.
|
| 588 |
0 |
|
|a Online resource; title from PDF title page (Digitalia, viewed June 7, 2022)
|
| 600 |
1 |
0 |
|a Cervantes Saavedra, Miguel de,
|d 1547-1616.
|t Don Quixote
|x Appreciation
|z Soviet Union.
|
| 600 |
1 |
0 |
|a Cervantes Saavedra, Miguel de,
|d 1547-1616.
|t Don Quixote
|x Appreciation
|z Europe, Eastern.
|
| 600 |
1 |
0 |
|a Cervantes Saavedra, Miguel de,
|d 1547-1616.
|t Don Quixote
|x Influence.
|
| 655 |
|
0 |
|a Electronic books.
|
| 700 |
1 |
|
|a Latorre, Jorge,
|e editor.
|
| 700 |
1 |
|
|a Martínez Illán, Antonio,
|d 1973-
|e editor.
|
| 700 |
1 |
|
|a Pronkevych, O. V.
|q (Oleksandr Viktorovych),
|e editor.
|
| 791 |
2 |
|
|a Digitalia (Firm),
|e distributor.
|
| 793 |
0 |
|
|g Digitalia eBook Collection:
|a Ediciones Universidad de Navarra
|
| 776 |
0 |
8 |
|i Print version:
|t Telón rasgado.
|b Segunda edición.
|d Pamplona, España : EUNSA, Ediciones Universidad de Navarra, [2016]
|z 9788431331436
|
| 856 |
4 |
0 |
|3 Digitalia Hispánica
|u https://www.digitaliapublishing.com/a/51368/
|
| 910 |
|
|
|a Premium collection: 2022
|